[Event "19th Bangkok Open 2019"]
[Site "Bangkok"]
[Date "2019.04.08"]
[Round "3.4"]
[White "Habla, Jony"]
[Black "Stella, Andrea"]
[Result "0-1"]
[WhiteElo "2146"]
[BlackElo "2512"]
[Annotator "RC"]
[PlyCount "146"]
[EventDate "2019.04.06"]
[EventType "swiss"]
[EventCountry "THA"]
[SourceTitle "playchess.com"]
[Source "ChessBase"]
[SourceQuality "1"]
[TimeControl "40/5400+30:1800+30"]

1. d4 {[%emt 0:00:00]} Nf6 {[%emt 0:03:54]} 2. c4 {[%emt 0:00:54]} g6 {[%emt 0:00:06]} 3. Nc3 {[%emt 0:00:06]} d5 {[%emt 0:00:04]} 4. cxd5 {[%emt 0:00:07]} Nxd5 {[%emt 0:00:04]} 5. e4 {[%emt 0:00:07]} Nxc3 {[%emt 0:00:03]} 6. bxc3 {[%emt 0:00:05]} Bg7 {[%emt 0:00:02]} 7. Rb1 {[%emt 0:03:50]} O-O {[%emt 0:01:33]} 8. h3 {[%emt 0:01:18]} c5 {[%emt 0:00:23]} 9. Nf3 {[%emt 0:00:15]} cxd4 {[%emt 0:01:54]} 10. cxd4 {[%emt 0:00:06]} Qa5+ {[%emt 0:00:57]} 11. Bd2 {[%emt 0:00:36]} Qxa2 {[%emt 0:00:20]} 12. Qc1 {[%emt 0:00:22]} Qe6 {[%emt 0:02:41]} 13. Bd3 {[%emt 0:02:59]} b6 {[%emt 0:02:51]} 14. d5 {[%emt 0:07:19]} Qd7 {[%emt 0:02:45]} 15. Bb5 {[%emt 0:03:48]} Qb7 {[%emt 0:06:14]} 16. O-O {[%emt 0:01:22]} Bd7 {[%emt 0:00:23]} 17. Bd3 {[%emt 0:00:38]} e6 {[%emt 0:02:03]} 18. Re1 {[%emt 0:07:50]} exd5 {[%emt 0:14:31]} 19. exd5 {[%emt 0:00:31]} Na6 {[%emt 0:14:35]} 20. Bh6 {[%emt 0:05:50]} Rac8 {[%emt 0:07:56]} 21. Qg5 {[%emt 0:04:35]} Nc5 {[%emt 0:01:45]} 22. Bxg7 {[%emt 0:07:08]} Kxg7 {[%emt 0:00:35]} 23. Bc2 {[%emt 0:04:49]} Qb8 {[%emt 0:02:06]} 24. Rb4 {[%emt 0:03:52]} h6 {[%emt 0:02:19]} 25. Qc1 {[%emt 0:02:41]} Rfe8 {[%emt 0:09:54]} 26. Qa1+ {[%emt 0:05:12]} f6 {[%emt 0:01:20]} 27. Rd1 {[%emt 0:01:14]} Re2 {[%emt 0:18:05]} 28. Qb1 {[%emt 0:04:14]} Na6 {[%emt 0:03:05]} 29. Rb2 {[%emt 0:00:47]} Qf4 {[%emt 0:00:57]} 30. Bd3 {[%emt 0:03:40]} Rxb2 {[%emt 0:00:04]} 31. Qxb2 {[%emt 0:00:12]} Nc5 {[%emt 0:00:33]} 32. Bf1 {[%emt 0:00:08]} Qd6 {[%emt 0:00:32]} 33. Qb1 {[%emt 0:02:34]} a5 {[%emt 0:00:43]} 34. Nh4 {[%emt 0:01:05]} f5 {[%emt 0:00:51]} 35. Re1 {[%emt 0:00:32]} Qf6 {[%emt 0:00:44]} 36. d6 {[%emt 0:01:23]} Qxd6 {[%emt 0:00:32]} 37. Qa1+ {[%emt 0:01:15]} Kh7 {[%emt 0:00:01]} 38. Bc4 {[%emt 0:01:02]} Ne4 {[%emt 0:00:33]} 39. Rd1 {[%emt 0:01:39]} Qe7 {[%emt 0:00:36]} 40. Qd4 {[%emt 0:01:38]} Ba4 {[%emt 0:00:00]} 41. Ra1 {[%emt 0:17:48]} Qc5 {[%emt 0:13:26]} 42. Qb2 {[%emt 0:10:36]} Qxc4 {[%emt 0:01:09]} 43. Qxb6 {[%emt 0:00:20]} Be8 {[%emt 0:03:27]} 44. Qxa5 {[%emt 0:01:28]} Qd4 {[%emt 0:03:51]} 45. Qa2 {[%emt 0:09:25]} Rc2 {[%emt 0:06:29]} 46. Qa7+ {[%emt 0:07:59]} Qxa7 {[%emt 0:00:04]} 47. Rxa7+ {[%emt 0:00:04]} Kg8 {[%emt 0:00:02]} 48. f4 {[%emt 0:01:07]} Rc1+ {[%emt 0:02:42]} 49. Kh2 {[%emt 0:00:10]} Nd2 {[%emt 0:00:10]} 50. Kg3 {[%emt 0:02:11]} Kf8 {[%emt 0:00:15]} 51. Ra6 {[%emt 0:02:43]} Kg7 {[%emt 0:00:20]} 52. Re6 {[%emt 0:00:32]} Bf7 {[%emt 0:00:12]} 53. Rb6 {[%emt 0:00:18]} Rf1 {[%emt 0:00:41]} 54. Rb7 {[%emt 0:01:24]} Rb1 {[%emt 0:01:52]} 55. Rd7 {[%emt 0:00:24]} Rb2 {[%emt 0:00:07]} 56. Kh2 {[%emt 0:00:33]} Ra2 {[%emt 0:01:12]} 57. Kg1 {[%emt 0:00:19]} Ra1+ {[%emt 0:01:16]} 58. Kf2 {[%emt 0:00:40]} Ne4+ {[%emt 0:00:01]} 59. Ke2 {[%emt 0:00:49]} Kf6 {[%emt 0:01:06]} 60. Rc7 {[%emt 0:00:09]} Ra2+ {[%emt 0:00:20]} 61. Ke3 {[%emt 0:00:41]} Ra3+ {[%emt 0:00:08]} 62. Kd4 {[%emt 0:00:30]} Ra4+ {[%emt 0:00:14]} 63. Ke3 {[%emt 0:00:13]} Rc4 {[%emt 0:00:05]} 64. Ra7 {[%emt 0:00:17]} g5 {[%emt 0:01:15]} 65. fxg5+ {[%emt 0:00:33]} Nxg5 {[%emt 0:00:17]} 66. Ra6+ {[%emt 0:02:11]} Be6 {[%emt 0:00:20]} 67. g3 {[%emt 0:00:38]} Rc3+ {[%emt 0:00:15]} 68. Kf2 {[%emt 0:00:57]} Nxh3+ {[%emt 0:00:08]} 69. Kg2 {[%emt 0:00:22]} Ng5 {[%emt 0:00:06]} 70. Kh2 {[%emt 0:00:16]} Nf3+ {[%emt 0:01:01]} 71. Nxf3 {[%emt 0:01:12]} Rxf3 {[%emt 0:00:04]} 72. Ra4 {[%emt 0:00:33]} Re3 {[%emt 0:00:14]} 73. Rh4 {[%emt 0:00:19]} Kg5 {[%emt 0:00:09]} 0-1

[Event "19th Bangkok Open 2019"]
[Site "Bangkok"]
[Date "2019.04.08"]
[Round "3.5"]
[White "Karthik Venkataraman"]
[Black "Damia, Angelo"]
[Result "1-0"]
[WhiteElo "2505"]
[BlackElo "2215"]
[Annotator "TA"]
[PlyCount "51"]
[EventDate "2019.04.06"]
[EventType "swiss"]
[EventCountry "THA"]
[SourceTitle "playchess.com"]
[Source "ChessBase"]
[SourceQuality "1"]

{[%evp 9,51,32,63,25,56,12,35,28,20,0,0,0,-4,0,86,66,63,65,59,50,51,47,84,83,159,114,272,224,242,256,269,267,262,263,272,263,256,249,292,281,286,271,543,559]} 1. Nf3 Nf6 2. b3 d6 3. d4 Bg4 4. Bb2 c6 (4... Bxf3 5. exf3 d5 6. g3 e6 7. f4 Be7 8. Bg2 Nbd7 9. Nd2 O-O 10. O-O Re8 11. c4 c6 {1-0 (46) Anton Guijarro,D (2642)-Zavgorodniy,S (2420) Skopje 2018}) 5. Nbd2 Nbd7 6. h3 {A46: 1 d4 Nf6 2 Nf3 e6: Torre, London and Colle Systems} Bh5 7. g3 Qc7 $146 ({Predecessor:} 7... e6 8. e4 d5 9. e5 Ne4 10. Nxe4 dxe4 11. g4 {0-1 (27) De Strycker,N (2033)-Swijsen,L (2177) Antwerp 2013}) 8. Bg2 {White is slightly better.} e5 9. dxe5 dxe5 10. e4 Bc5 11. O-O g5 (11... a5 $11 {remains equal.}) 12. Qe1 ({Much worse is} 12. g4 $6 Bg6 $14) 12... g4 13. hxg4 Nxg4 14. Nc4 b5 15. Qa5 Qb8 {[#]} 16. Rad1 $1 {[%cal Rd1d7] Strongly threatening Rxd7!} f6 (16... bxc4 $142 17. Rxd7 Qb6) 17. Qd2 Qc7 $2 (17... O-O $16 {was necessary.}) 18. Nd6+ $18 Bxd6 19. Qxd6 O-O-O 20. Qe6 Nh6 21. Bxe5 fxe5 22. Qxh6 Bxf3 23. Bxf3 Nc5 24. Bg4+ Kb7 25. Bf5 Kb6 $2 {[#]} (25... Qe7 26. Kg2 a5) 26. Qe3 {Accuracy: White = 64%, Black = 21%.} 1-0

[Event "19th Bangkok Open 2019"]
[Site "Bangkok"]
[Date "2019.04.08"]
[Round "3.6"]
[White "Teerapabpaisit, Wisuwat"]
[Black "Ly, Moulthun"]
[Result "0-1"]
[WhiteElo "2142"]
[BlackElo "2490"]
[Annotator "TA"]
[PlyCount "65"]
[EventDate "2019.04.06"]
[EventType "swiss"]
[EventCountry "THA"]
[SourceTitle "playchess.com"]
[Source "ChessBase"]
[SourceQuality "1"]

{[%evp 11,65,25,53,-2,0,-37,0,0,-10,-18,-24,-24,-20,-18,0,-25,-25,-20,-14,-49,0,-23,-1,-28,45,0,0,-31,25,11,12,0,0,0,0,0,0,-102,-106,-101,-105,-114,-43,-122,-109,-109,-87,-326,-313,-512,-505,-465,-364,-29993,-29994,-29999]} 1. e4 c5 2. Nf3 a6 3. Nc3 e6 4. d4 cxd4 5. Nxd4 Qc7 6. Bd3 Bc5 7. Be3 {B43: Sicilian: Kan Variation: 5 Nc3} (7. Nb3 $14) (7. Nb3 Be7 8. Qg4 g6 9. Qe2 d6 10. O-O Nd7 11. Bd2 Ngf6 12. Bh6 b5 13. f4 Bb7 14. Rae1 b4 {0-1 (43) Fressinet,L (2687)-Caruana,F (2804) Paris 2016}) 7... Nf6 $11 8. f3 d6 ({Reject} 8... Qb6 $6 9. Na4 $14) 9. Qd2 {The position is equal.} O-O $146 ({Predecessor:} 9... Nbd7 10. O-O-O O-O 11. g4 b5 12. g5 b4 13. gxf6 bxc3 14. Qxc3 Nxf6 {1-0 (22) Chagochkin,V (2054)-Pozdniakov,V (2175) Omsk 2013}) 10. Nb3 Bxe3 11. Qxe3 b5 12. a3 Nbd7 {[%cal Bb8d7,Bd7b6,Bb6a4][%mdl 32]} 13. f4 Bb7 14. O-O-O Rac8 15. Kb1 Nb6 16. Rhg1 Nfd7 17. g4 Nc5 (17... Na4 $11 18. Nxa4 bxa4) 18. g5 Rfd8 19. Qh3 Nxd3 (19... Nba4 $15 20. Nxa4 Nxd3 21. Qxd3 bxa4) 20. Rxd3 Na4 $1 21. Re1 Nc5 22. Rd2 Nxb3 23. cxb3 d5 $36 {[%mdl 2048] Black has the initiative.} 24. e5 (24. exd5 $11 {keeps the balance.} Bxd5 25. Nxd5 exd5 26. Qf3) 24... d4 $17 25. Na2 a5 26. Qd3 {[#]} Qb6 (26... b4 $1 $17 {[%mdl 512]} 27. axb4 axb4) 27. h4 ({White should try} 27. b4 $1 $15) 27... b4 28. a4 Rd5 29. Rh2 $2 {[#]} (29. Nc1 $17) 29... Ba6 $1 $19 {[%cal Ra6d3]} 30. Qg3 $2 (30. Qf3 {was forced.} d3 31. Rd1) 30... d3 {Threatens to win with ...d2.} 31. Rd1 {[#]} Rc2 $1 {[%mdl 512]} 32. Nc1 $2 {[#]} (32. Rxc2 $19 dxc2+ {[%mdl 64] Discovered Attack} 33. Kxc2 Qc6+ 34. Nc3) 32... Qd4 $1 {[%csl Gc2][%cal Rd4b2][%mdl 512]} 33. Rdh1 {Accuracy: White = 23%, Black = 50%.} 0-1

[Event "19th Bangkok Open 2019"]
[Site "Bangkok"]
[Date "2019.04.08"]
[Round "3.7"]
[White "Kunte, Abhijit"]
[Black "Thompson, Ian D"]
[Result "1-0"]
[WhiteElo "2485"]
[BlackElo "2149"]
[Annotator "TA"]
[PlyCount "54"]
[EventDate "2019.04.06"]
[EventType "swiss"]
[EventCountry "THA"]
[SourceTitle "playchess.com"]
[Source "ChessBase"]
[SourceQuality "1"]

{[%evp 9,54,43,15,29,72,58,77,74,74,72,95,99,122,103,160,151,183,178,170,174,180,200,184,152,262,229,383,286,684,678,642,607,591,431,448,434,793,781,816,791,800,792,897,869,837,836,29992]} 1. Nf3 d5 2. c4 e6 3. g3 dxc4 4. Bg2 Nc6 (4... a6 5. O-O Nc6 6. Na3 Bxa3 7. bxa3 e5 8. Rb1 Nge7 9. Qc2 Bf5 10. e4 Bg4 11. Rxb7 Bxf3 12. Bxf3 {0-1 (41) Aronian,L (2785)-Grandelius,N (2643) Doha 2016}) 5. Qa4 Bd7 6. Qxc4 {A13: English Opening: 1...e6} Rb8 $146 ({Predecessor:} 6... Nf6 7. O-O a6 8. d4 Bd6 9. Nc3 O-O 10. Rd1 h6 11. Ne5 b5 12. Qd3 Nxe5 13. dxe5 Bxe5 {½-½ (39) Tadic,B (2495)-Savic,M (2523) Palic 2014}) 7. O-O b5 8. Qc3 {White is better.} Nf6 9. d4 Nd5 10. Qc2 Ncb4 11. Qd1 c5 ({Black should try} 11... Be7) 12. a3 $16 Nc6 {[#]} 13. e4 $1 {[%cal Re4d5]} Nb6 14. d5 Na5 15. Nc3 a6 16. Re1 Nb7 (16... c4 $16 17. dxe6 Bxe6) 17. Ne5 Rc8 $2 (17... Bd6 {keeps fighting.}) 18. Qh5 {[%csl Ge5][%cal Rh5f7] [#]} Qf6 $2 (18... g6 19. Qf3 Nd6) 19. Nxd7 $18 {White is clearly winning.} Nxd7 20. e5 Qf5 21. Qe2 Nd8 22. g4 Qg6 (22... Qxe5 $142 23. Qxe5 Nxe5 24. Rxe5 Bd6) 23. Be4 f5 24. exf6 Qxf6 25. g5 Qe5 26. dxe6 Nxe6 27. Bd5 Nb8 {Accuracy: White = 84%, Black = 19%.} 1-0

[Event "19th Bangkok Open 2019"]
[Site "Bangkok"]
[Date "2019.04.08"]
[Round "3.8"]
[White "Horvath, Jozsef"]
[Black "Looi, Xin Hao"]
[Result "1/2-1/2"]
[WhiteElo "2479"]
[BlackElo "2145"]
[Annotator "TA"]
[PlyCount "72"]
[EventDate "2019.04.06"]
[EventType "swiss"]
[EventCountry "THA"]
[SourceTitle "playchess.com"]
[Source "ChessBase"]
[SourceQuality "1"]

{[%evp 19,72,0,25,0,15,0,20,-7,11,-4,-8,-77,0,0,12,3,23,23,22,20,51,45,50,55,38,47,84,68,100,33,41,-9,0,0,0,0,28,26,37,0,81,0,37,-71,40,31,41,25,62,0,33,0,77,0,33]} 1. c4 c6 2. Nf3 d5 3. b3 Nf6 4. g3 Bg4 5. Bg2 e6 6. Bb2 Nbd7 7. O-O Be7 8. d3 O-O 9. Nbd2 a5 10. a3 Qc7 {LiveBook: 7 Games. A12: English Opening: 1...c6 with b3 by White} (10... Bd6 11. Qc2 Qe7 12. e4 dxe4 13. dxe4 e5 14. Nh4 Rfe8 15. h3 Be6 16. Nf5 Bxf5 17. exf5 e4 18. Rfe1 {½-½ (46) Fridman,D (2633)-Sargissian,G (2689) St Petersburg 2018}) 11. h3 Bh5 12. cxd5 $146 ({Predecessor:} 12. Qc2 Rfd8 13. Rfe1 Ne8 14. e4 dxe4 15. Nxe4 Bxf3 16. Bxf3 Ne5 17. Be2 c5 18. Nc3 Nc6 19. Nb5 Qd7 20. Rad1 Nc7 21. Nxc7 {½-½ (21) Prang,E (2557)-Tsvetkov,A (2447) ICCF email 2001}) 12... exd5 13. Nh4 Rfe8 14. g4 Bg6 15. f4 (15. Ndf3 $11) 15... h6 (15... Bc5+ $17 16. Kh1 Be3) 16. Nxg6 fxg6 17. e4 $1 Nc5 18. Qc2 dxe4 19. dxe4 {[%cal Bd3e4,Be4e5][%mdl 32] next e5 is good for White.} Rad8 20. e5 Nd5 $1 {[%cal Rd5e3]} 21. Rae1 Ne6 22. f5 Qb6+ 23. Kh1 Ne3 24. Rxe3 $1 Qxe3 25. Qc4 {[%mdl 64] [#] Pin} ({But not} 25. fxe6 $2 Qxd2 26. Qxg6 Qd3 $19) (25. Nc4 $5 {[%cal Rc4e3]} Qd3 26. Qxd3 Rxd3 27. f6 $14 (27. fxe6 Rxb3 28. Bd4 a4 $14)) 25... Qxd2 (25... Rxd2 $2 26. Qxe6+ Kh8 27. Bc1 $18) 26. Qxe6+ Kh8 27. Qxg6 {Black must now prevent f6.} Qg5 ({Wrong is} 27... Qxb2 $2 28. f6 $18) 28. Qf7 $36 {[%mdl 2048] Black is under pressure.} Rf8 29. Qe6 {[%mdl 1024] White has compensation.} Rde8 (29... Rfe8 $11 {remains equal.} 30. Qc4 Rf8) 30. Bc1 ({White should try} 30. Qd7 $16) 30... Qh4 {Threatens to win with ...Bxa3!} (30... Bxa3 $5 31. Qxe8 (31. Bxg5 Rxe6 32. fxe6 Rxf1+ 33. Bxf1 hxg5 $15) 31... Rxe8 32. Bxg5 hxg5 $11) 31. Qd7 {[#]} (31. Qg6 $14 {stays ahead.} Rg8 32. Bb2) 31... Bd8 (31... Rd8 $1 $17 {[%cal Rd8d7]} 32. Qxb7 Rd3) 32. Bb2 $14 Qe7 33. Qd3 {Hoping for f6.} Qh4 34. Qd7 {Strongly threatening f6.} Qe7 35. Qd3 Qh4 36. Qd7 {f6 is the strong threat.} Qe7 {Accuracy: White = 35%, Black = 35%.} 1/2-1/2

[Event "19th Bangkok Open 2019"]
[Site "Bangkok"]
[Date "2019.04.08"]
[Round "3.9"]
[White "Schebler, Gerhard"]
[Black "Reilly, Tim"]
[Result "1-0"]
[WhiteElo "2385"]
[BlackElo "2140"]
[Annotator "TA"]
[PlyCount "81"]
[EventDate "2019.04.06"]
[EventType "swiss"]
[EventCountry "THA"]
[SourceTitle "playchess.com"]
[Source "ChessBase"]
[SourceQuality "1"]

{[%evp 17,81,23,40,51,56,31,52,52,80,53,60,48,64,38,66,46,60,14,73,60,64,31,59,51,76,84,72,51,86,40,43,46,98,88,92,32,46,46,92,91,92,92,92,92,40,116,106,107,147,0,103,44,168,166,150,0,185,147,175,154,174,173,403,386,441,421]} 1. d4 d6 2. e4 Nf6 3. Nc3 g6 4. f4 Bg7 5. Nf3 O-O 6. Bd3 Na6 {[%cal Bb8a6,Ba6c7,Bc7e6,Be6d4][%mdl 32]} 7. O-O c5 8. d5 Bg4 9. Kh1 Rb8 10. Qe2 {B09: Pirc Defence: Austrian Attack} (10. h3 Bxf3 11. Rxf3 Nc7 12. a4 b6 13. Nb5 Rb7 14. Qe2 Nfe8 15. c3 a6 16. Na3 Nf6 17. Nc4 Qd7 {1-0 (34) Anand,V (2775)-Ivanchuk,V (2757) Leuven 2017}) 10... Nc7 11. a4 e6 {[%cal Re6d5]} 12. dxe6 {White is slightly better.} Nxe6 $146 ({Predecessor:} 12... fxe6 13. Be3 Qe7 14. Qf2 Bxf3 15. Qxf3 Nd7 16. Rae1 a6 17. Qe2 Kh8 {1-0 (41) Videki,S (2375)-Biti,O (2135) Zagreb 1997}) 13. Qf2 Bxf3 14. Qxf3 Nd4 15. Qd1 Rc8 16. Be3 Re8 17. Bg1 Qb6 (17... a6 $11 {remains equal.}) 18. a5 $16 Qd8 ({Not} 18... Qxb2 $2 19. Na4 $18) 19. Re1 Nh5 20. g3 Qd7 21. Bf1 Nf6 22. Bg2 ({But not} 22. Bxd4 cxd4 23. Bb5 Qh3 $11) 22... Re7 23. Nb1 Rce8 {[%cal Rf6e4]} 24. Nd2 h5 (24... Nc6 $14) 25. c3 Nc6 {[#]} 26. Qa4 (26. e5 $1 $16 {[%mdl 512]}) 26... h4 27. Qd1 Nh5 28. Bf2 hxg3 29. hxg3 Nf6 30. Bf3 Qh3+ 31. Kg1 Bh6 32. Bg2 Qd7 33. Bf3 Qh3 34. Qe2 (34. a6 $16) 34... Kg7 (34... g5 $14) 35. Bg2 $18 Qd7 36. Bf3 Qh3 37. Qf1 $36 {[%mdl 2048] White is really pushing.} Qd7 38. a6 b6 39. Rad1 Ng4 $2 {[#]} (39... d5 {was necessary.} 40. Qg2 Qc8) 40. Nc4 Nxf2 41. Kxf2 {Accuracy: White = 59%, Black = 36%.} 1-0

[Event "19th Bangkok Open 2019"]
[Site "Bangkok"]
[Date "2019.04.08"]
[Round "3.10"]
[White "Sonkalan Bharati"]
[Black "Sriram, Jha"]
[Result "0-1"]
[WhiteElo "2092"]
[BlackElo "2381"]
[Annotator "TA"]
[PlyCount "74"]
[EventDate "2019.04.06"]
[EventType "swiss"]
[EventCountry "THA"]
[SourceTitle "playchess.com"]
[Source "ChessBase"]
[SourceQuality "1"]

{[%evp 21,74,29,42,28,29,32,39,0,0,0,0,0,0,0,0,0,0,0,0,0,-18,-21,-36,0,0,-159,0,-300,-280,-518,-547,-514,-512,-29969,-2099,-29985,-29985,-29986,-29987,-29986,-29986,-29988,-29989,-29989,-29990,-29990,-29989,-29991,-29990,-29990,-29991,-29991,-29991,-29991,-29992]} 1. e4 c5 2. Nf3 d6 3. d4 cxd4 4. Nxd4 Nf6 5. Nc3 g6 6. Be3 Bg7 7. f3 O-O 8. Qd2 Nc6 9. Bc4 Bd7 10. O-O-O Rb8 11. Bb3 Na5 12. Bh6 {B77: Sicilian Dragon: Yugoslav Attack, 9 Bc4 sidelines} (12. h4 b5 13. h5 Nc4 14. Bxc4 bxc4 15. hxg6 fxg6 16. Bh6 Qb6 17. b3 Bxh6 18. Qxh6 Qa5 19. Kb2 Rfc8 20. Nd5 cxb3 21. axb3 Kf7 22. Qd2 Qxd2 23. Rxd2 {½-½ (46) Fedoseev,V (2724)-Nakamura,H (2787) Moscow 2018}) 12... Bxh6 13. Qxh6 b5 {[%cal Bb7b5,Bb5b4][%mdl 32]} 14. h4 (14. Nd5 $14) 14... e5 $11 15. Nde2 b4 16. Nd5 {And now h5! would win.} Nxb3+ 17. axb3 {Black must now prevent h5!} Nxd5 18. Rxd5 Rb6 19. h5 g5 20. Rxd6 {Rhd1 is the strong threat.} f6 $146 {[%mdl 2048] White is under pressure.} 21. Rhd1 Rxd6 22. Rxd6 Qe7 23. Rd2 $2 {[#]} (23. Rd5 $11) 23... Be6 $2 (23... a5 $1 $17 24. Kd1 a4) 24. Ng3 $2 {[%mdl 8192]} (24. Kd1 $11 {and White is okay.}) 24... a5 25. Nf5 $2 (25. Kb1 a4 26. bxa4) 25... Bxf5 $1 $19 26. exf5 {[%mdl 4096] Endgame KQR-KQR} Ra8 27. Kb1 {[#]} (27. Rd5 $19 a4 28. bxa4) 27... a4 28. bxa4 Rxa4 {Black mates.} 29. Rd5 Ra8 30. Kc1 e4 31. Kd2 exf3 32. gxf3 Re8 33. Kd3 Qe2+ {[%mdl 64] Double Attack} 34. Kd4 Qd2+ 35. Kc5 Rc8+ 36. Kd6 Rd8+ 37. Ke7 Qxd5 {[%mdl 64] Double Attack. Accuracy: White = 30%, Black = 90%.} 0-1

[Event "19th Bangkok Open 2019"]
[Site "Bangkok"]
[Date "2019.04.08"]
[Round "3.11"]
[White "Roy, Prantik"]
[Black "Saptorshi Gupta"]
[Result "1/2-1/2"]
[WhiteElo "2374"]
[BlackElo "2051"]
[Annotator "TA"]
[PlyCount "64"]
[EventDate "2019.04.06"]
[EventType "swiss"]
[EventCountry "THA"]
[SourceTitle "playchess.com"]
[Source "ChessBase"]
[SourceQuality "1"]

{[%evp 18,64,-11,-14,-27,-41,-43,-25,-32,-50,-60,-43,-37,-52,-51,-67,-73,-139,-147,-153,-137,-183,-174,-187,-202,-196,-194,-171,-167,-240,-235,-228,-212,-181,0,-188,0,-550,985,-192,-192,-185,217,-194,-191,-1160,1020,-631,-313]} 1. Nf3 Nf6 2. c4 e6 3. g3 d5 4. Bg2 dxc4 5. Qa4+ c6 6. Qxc4 b5 7. Qc2 Bb7 8. d4 Nbd7 9. a4 c5 10. O-O b4 {D30: Queen's Gambit Declined: Systems without Nc3} 11. dxc5 (11. Bg5 Rc8 12. Nbd2 Be7 13. Rfc1 h6 14. Bxf6 Nxf6 15. Qd3 O-O 16. Ne5 Bxg2 17. Kxg2 Qd5+ 18. Ndf3 cxd4 {½-½ (34) Radjabov,T (2724)-Ponomariov,R (2717) Tromsoe 2014}) 11... Bxc5 12. Nbd2 Rc8 {Hoping for ...Bxf2+!Black has an edge.} 13. Qd1 O-O 14. Nb3 Qe7 15. Ne1 $146 ({Predecessor:} 15. Bd2 Rfd8 16. Qe1 Bd6 17. Nfd4 Bxg2 18. Kxg2 {0-1 (35) Dambrauskas,V (2334)-Qiu,M (2115) Golden Sands 2015}) 15... Bxg2 16. Kxg2 Rfd8 17. Bg5 (17. Qd3 $142) 17... Ne5 $17 18. Qb1 Qb7+ $1 19. Nf3 Rd3 $1 {[%cal Re5f3]} 20. Nxc5 Rxc5 21. Be3 {[#]} Rxe3 $1 {[%mdl 512]} 22. fxe3 Nfg4 23. Rc1 (23. e4 {was worth a try.} Ne3+ 24. Kg1 Nxf1 25. Kxf1) 23... Nxe3+ $40 {[%mdl 128] Black has strong attack.} 24. Kf2 N3g4+ {[%mdl 1024] Black has strong compensation.} 25. Kg2 Ne3+ 26. Kf2 $1 N3g4+ $2 ({Better is} 26... N5g4+ $1 $19 27. Kg1 Rd5) 27. Kg1 $2 {[%mdl 8192]} (27. Kg2 $1 $11 Ne3+) 27... Ne3 $4 {[%mdl 8192]} (27... Nxf3+ $19 28. exf3 Qxf3 $1 {[%mdl 512]}) 28. Kf2 $4 {[%mdl 8192]} (28. Rxc5 $18 Nxf3+ 29. exf3) 28... N5g4+ $1 29. Kg1 Rh5 $4 {[%mdl 8192]} (29... Qc6 $19 {and life is good for Black. aiming for ...h5.} 30. Rxc5 Qxc5) 30. Qd3 $4 {[%mdl 8192] [#]} (30. Qe4 $1 $18 {[%cal Re4b7] was the only winning move.} Rd5 31. Ng5 $1 {[%mdl 512]}) 30... h6 $1 {And now ...Rxh2! would win.} 31. Qb1 $2 {[#]} (31. Qd8+ Kh7 32. Qd3+ (32. Rc8 $2 Rxh2 33. Rf1 Rg2+ 34. Kh1 Rxe2 $19) 32... g6 33. Rc4 Nxc4 34. Qxc4 Qb6+ 35. Qd4) 31... Rc5 $4 {[%mdl 8192]} (31... Rxh2 $1 $19 {[%mdl 512]} 32. Rc8+ (32. Nxh2 Qg2#) 32... Qxc8 33. Nxh2 Qc6) 32. Rf1 $4 {[%mdl 8192]} (32. Rxc5 $18 Nd5 33. Qc2) 32... Ne5 {[%mdl 32768] Accuracy: White = 20%, Black = 50%. . An unexpected result.} (32... Rc2 $142 33. Qe1 Rxb2) 1/2-1/2